傾城一諾 . 復仇伊始 . 8
| 資料類型: | 圖書 | 書目號: | 52922 |
Leader xxxxxxxxxx 001 __ 102578/7/01 005 __ 20190417142303.596 010 0_ |a9789869446785|b第8冊 : 平裝|d新臺幣280元 042 __ |anbic 100 __ |a20190417d2017 m y0chiy50 e 101 0_ |achi 102 __ |atw 105 __ |ay z 000ay 200 1_ |a傾城一諾|h8|i復仇伊始|f鳳今著 205 __ |a初版 210 __ |a臺北市|c晴空文化|c家庭傳媒城邦分公司|d2017[民106] 215 0_ |a429面|d21公分 225 12 |a悅讀NOVEL|v8 517 1_ |a復仇伊始|zchi 700 _1 |a鳳今|4著 681 __ |a857.7|b856 v.8 801 _0 |atw|bLibDipper|c20190417|gCCR |